000 00201nam a22000857a 4500
008 160706b xxu||||| |||| 00| 0 eng d
100 _92390
_a Dhingra
245 _aNursery Rhymes
260 _aDelhi
_b Dhingra
999 _c2066
_d2066